Central Library OPAC University of Rajshahi

الكافي في الكحل = Al - Kafifial - Kuhl (Record no. 79254)

MARC details
000 -LEADER
fixed length control field 01648nam a2200325 a 4500
001 - CONTROL NUMBER
control field 79254
003 - CONTROL NUMBER IDENTIFIER
rucl marc code BD-RjUL
005 - DATE AND TIME OF LATEST TRANSACTION
control field 20220126102148.0
008 - FIXED-LENGTH DATA ELEMENTS--GENERAL INFORMATION
fixed length control field 180717s1990 le 000 0 ara d
035 ## - SYSTEM CONTROL NUMBER
System control number (BD-RjUL)79254
040 ## - CATALOGING SOURCE
Original cataloging agency TAU
Language of cataloging eng
Transcribing agency BD-RjUL
041 0# - LANGUAGE CODE
Language code of text/sound track or separate title ara
082 ## - DEWEY DECIMAL CLASSIFICATION NUMBER
Edition number 23
Classification number 617.7
Author mark and year HAK 1990
090 ## - LOCALLY ASSIGNED LC-TYPE CALL NUMBER (OCLC); LOCAL CALL NUMBER (OCLC)
Classification number (OCLC) (R) ; Classification number, CALL (RLIN) (NR) 610.9(56)
100 1# - MAIN ENTRY--PERSONAL NAME
Personal name الحلبي، خليفة بن أبي المحاسن = Al-Halabi, Khalifah ibn Abi al- Mahasin
Dates associated with a name 656 ah - 1256 ad
9 (RLIN) 892
245 12 - TITLE STATEMENT
Title الكافي في الكحل = Al - Kafifial - Kuhl
Statement of responsibility, etc. Khalifah ibn Abi Al - Mahasin al Halabi = تأليف خليفة بن أبي المحاسن الحلبي ; تحقيق محمد ظافر الوفائي، محمد رواس قلعهجي
246 ## - VARYING FORM OF TITLE
Title proper/short title الحلبي، خليفة بن أبي المحاسن = Al-Halabi, Khalifah ibn Abi al- Mahasin /
260 ## - PUBLICATION, DISTRIBUTION, ETC. (IMPRINT)
Place of publication, distribution, etc. بيروت :=
Name of publisher, distributor, etc. دار الفكر للطباعة والنشر والتوزيع،
Date of publication, distribution, etc. ١٩٩0 م. ١٤١٥ هج.
300 ## - PHYSICAL DESCRIPTION
Pagination 13+794، 11 ص.
Size 24 cm
500 ## - GENERAL NOTE
General note Additional chapter and introduction in English == باب ومقدمة اضافيان بالانكليزية
650 #4 - SUBJECT ADDED ENTRY--TOPICAL TERM
Topical term or geographic name as entry element Eye
General subdivision Anatomy
Form subdivision Early works to 1800
9 (RLIN) 894
Topical term or geographic name as entry element Ophthalmology
Form subdivision Early works to 1800
9 (RLIN) 895
Topical term or geographic name as entry element Medicine, Arab
700 1# - ADDED ENTRY--PERSONAL NAME
Personal name Wafai, M. Zafer =الوفائي، محمد ظافر
Personal name Kalaji, Muhammad R.= قلعه‌جى، محمد رواس
830 #0 - SERIES ADDED ENTRY--UNIFORM TITLE
Uniform title سلسلة التراث الطبي الاسلامي من الكحالة
942 ## - ADDED ENTRY ELEMENTS (KOHA)
Source of classification or shelving scheme Dewey Decimal Classification
Koha item type Books
990 ## - EQUIVALENCES OR CROSS-REFERENCES [LOCAL, CANADA]
Link information for 9XX fields universities
Holdings
Lost status Source of classification or shelving scheme Damaged status Not for loan Collection code Permanent Location Current Location Shelving location Date acquired Source of acquisition Full call number Date last seen Copy number Koha item type
  Dewey Decimal Classification   Not For Loan Non-fiction Central Library, University of Rajshahi Central Library, University of Rajshahi Reading Room 07/10/1999 V.C. Office Rajshahi university A 617.7 HAK 1990 26/01/2022 C-1 Books